|
|
|
|
| LEADER |
01624nam a2200325 a 4500 |
| 001 |
014679310 |
| 008 |
110228s2008 enkb b o000 0 eng d |
| 015 |
|
|
|a GBB019068 |2 bnb
|
| 020 |
|
|
|a 9781861929402 (pbk.) :
|c No price
|
| 020 |
|
|
|a 1861929404 (pbk.) :
|c No price
|
| 040 |
|
|
|a StDuBDS
|b eng
|c StDuBDS
|d BD-DhAAL
|
| 042 |
|
|
|a ukblsr
|
| 082 |
0 |
4 |
|a 338.95492
|2 22
|
| 245 |
0 |
0 |
|a Citizens' voice and accountability evaluation :
|b Bangladesh country case study report.
|
| 246 |
3 |
4 |
|a Evalution of citizens' voice & accountability
|
| 260 |
|
|
|a London :
|b Dept. for International Development,
|c 2008.
|
| 300 |
|
|
|a xix, 181 p. :
|b col. maps ;
|c 30 cm.
|
| 490 |
0 |
|
|a Department for International Development evaluation report ;
|v EV688
|
| 504 |
|
|
|a Includes bibliographical references.
|
| 541 |
1 |
|
|e 00021933
|
| 650 |
|
0 |
|a Economic development
|z Bangladesh
|x Citizen participation.
|
| 650 |
|
0 |
|a Corporate governance
|z Bangladesh.
|
| 650 |
|
0 |
|a Economic assistance, British
|z Bangladesh
|x Evaluation.
|
| 690 |
7 |
|
|a Management and Business Studies
|2 blcoll
|
| 710 |
1 |
|
|a Great Britain.
|b Dept. for International Development.
|
| 830 |
0 |
|
|a Evaluation report ;
|v EV688
|
| 852 |
1 |
|
|a Ayesha Abed Library
|c General Shelf.
|
| 999 |
|
|
|c 11012
|d 11012
|
| 952 |
|
|
|0 0
|1 0
|2 ddc
|4 0
|6 338_954920000000000_CIT
|7 0
|9 17311
|a BRACUL
|b BRACUL
|c GEN
|d 2011-06-29
|e Development Book Agency
|g 1000.00
|l 0
|o 338.95492 CIT
|p 3010021933
|r 2011-06-29
|t 1
|w 2011-06-29
|y BK
|
| 952 |
|
|
|0 0
|1 0
|2 ddc
|4 0
|6 338_954920000000000_CIT
|7 0
|9 17312
|a BRACUL
|b BRACUL
|c GEN
|d 2011-06-29
|e Development Book Agency
|g 1000.00
|l 0
|o 338.95492 CIT
|p 3010021934
|r 2011-06-29
|t 2
|w 2011-06-29
|y BK
|